アイドルマスターシリーズで使用したライブ会場 - Statistics

General Stats
  • This quiz has been taken 14 times
  • The average score is 106 of 216
Answer Stats
公演タイトル 日程 都道府県 会場名 % Correct
THE IDOLM@STER CINDERELLA GIRLS 7thLIVE TOUR Special 3chord♪ 2020- 02-15,16 大阪府 京セラドーム大阪
100%
THE IDOLM@STER M@STERS OF IDOL WORLD 2025 2025-01-24,25 大阪府 京セラドーム大阪
100%
THE IDOLM@STER CINDERELLA GIRLS 4thLIVE TriCastle Story 2016- 10-15,16 埼玉県 さいたまスーパーアリーナ
92%
THE IDOLM@STER CINDERELLA GIRLS 5thLIVE TOUR Serendipity Parade!!! 2017-08-12,13 埼玉県 さいたまスーパーアリーナ
92%
THE IDOLM@STER MILLION LIVE! 5thLIVE BRAND NEW PERFORM@NCE!!! 2018-06-02,03 埼玉県 さいたまスーパーアリーナ
92%
THE IDOLM@STER MILLION LIVE! 6thLIVE TOUR UNI-ON@IR!!!! 2019- 09-21,22 埼玉県 さいたまスーパーアリーナ
92%
THE IDOLM@STER MILLION LIVE! 10thLIVE TOUR Act-1 H@PPY 4 YOU! 2023-04-22,23 埼玉県 さいたまスーパーアリーナ
92%
THE IDOLM@STER SideM 4th STAGE 〜TRE@SURE GATE〜 2019- 05-11,12 埼玉県 さいたまスーパーアリーナ
92%
THE IDOLM@STER M@STERS OF IDOL WORLD!!2014 2014-02-22,23 埼玉県 さいたまスーパーアリーナ
92%
THE IDOLM@STER M@STERS OF IDOL WORLD!!!!!2023 2023-02-11,12 東京都 東京ドーム
92%
THE IDOLM@STER 765 MILLIONSTARS HOTCHPOTCH FESTIV@L!! 2 2025-03-29,30 埼玉県 さいたまスーパーアリーナ
92%
THE IDOLM@STER 765PRO ALLSTARS LIVE ~NEVER END IDOL!!!!!!!!!!!!!~ 2025-08-02,03 神奈川県 Kアリーナ横浜
92%
THE IDOLM@STER CINDERELLA GIRLS STARLIGHT FANTASY 2024-09-14,15 神奈川県 Kアリーナ横浜
92%
THE IDOLM@STER CINDERELLA GIRLS 10th MEMORIAL LIVE STARLIGHT STAGE 2025- 09-06,07 神奈川県 Kアリーナ横浜
92%
THE IDOLM@STER MILLION LIVE! 10thLIVE TOUR Act-4 MILLION THE@TER!!!! 2024- 02-24,25 神奈川県 Kアリーナ横浜
92%
THE IDOLM@STER SideM 8th STAGE 〜ALL H@NDS TOGETHER〜 2023-10-28,29 神奈川県 Kアリーナ横浜
92%
THE IDOLM@STER SideM 10th ANNIVERSARY ST@GE 〜P@SSION-ING!!!〜 2025-07-12,13 神奈川県 Kアリーナ横浜
92%
THE IDOLM@STER SHINY COLORS 6thLIVE TOUR Come and Unite! Fantastic Fireworks 2024- 04-20,21 神奈川県 Kアリーナ横浜
92%
THE IDOLM@STER SHINY COLORS 7th LIVE TOUR 螺旋 -Halo around- “The origin on the axes” 2025-10-25,26 神奈川県 Kアリーナ横浜
92%
THE IDOLM@STER SHINY COLORS ∞th LIVE iと夢 2026-04-25,26 神奈川県 Kアリーナ横浜
92%
THE IDOLM@STER CINDERELLA GIRLS 6thLIVE MERRY-GO-ROUNDOME!!! 2018- 12-01,02 愛知県 ナゴヤドーム
85%
THE IDOLM@STER CINDERELLA GIRLS 7thLIVE TOUR Special 3chord♪ 2019- 11-09,10 愛知県 ナゴヤドーム
85%
THE IDOLM@STER CINDERELLA GIRLS 10th ANNIVERSARY M@GICAL WONDERLAND!!! ファイナル公演 2022-04-02,03 埼玉県 ベルーナドーム
85%
THE IDOLM@STER CINDERELLA GIRLS STARLIGHT STAGE 10th ANNIVERSARY TOUR Let’s AMUSEMENT!!! 2025- 04-26,27 東京都 有明アリーナ
85%
THE IDOLM@STER CINDERELLA GIRLS Broadcast & LIVE Happy New Yell!!! 2021-01-09,10 千葉県 幕張メッセ国際展示場 1-3ホール
85%
THE IDOLM@STER SHINY COLORS 2ndLIVE STEP INTO THE SUNSET SKY 2021-03-20,21 千葉県 幕張メッセ国際展示場1-3ホール
85%
THE IDOLM@STER SHINY COLORS 4thLIVE 空は澄み、今を越えて。 2022-04-23,24 千葉県 幕張メッセ 国際展示場1-3ホール
85%
THE IDOLM@STER M@STER EXPO 2024-12-14,15 千葉県 幕張メッセ国際展示場1-3ホール
85%
THE IDOLM@STER CINDERELLA GIRLS 3rdLIVE シンデレラの舞踏会 - Power of Smile - 2015-11-28,29 千葉県 幕張メッセ 国際展示場ホール9-10
85%
THE IDOLM@STER CINDERELLA GIRLS 7thLIVE TOUR Special 3chord♪ 2019-09-03,04 千葉県 幕張メッセ 国際展示場ホール9-10
85%
CINDERELLA GIRLS fes. Once Upon a St@rs 2025- 11-29,30 千葉県 幕張メッセ 国際展示場ホール9-10
85%
315 Production presents F@NTASTIC COMBINATION LIVE 〜BRAINPOWER!!〜 追加公演 2023-11-17 千葉県 幕張メッセ 国際展示場ホール9-10
85%
315 Production presents F@NTASTIC COMBINATION LIVE 〜CONNECTIME!!!!〜 2023- 11-18,19 千葉県 幕張メッセ国際展示場ホール9-10
85%
THE IDOLM@STER SideM 9th STAGE 〜MIR@-CIRCLE CRESCENDO〜 2024-07-13,14 千葉県 幕張メッセ国際展示場 ホール9-11
85%
THE IDOLM@STER 5th ANNIVERSARY The world is all one!! 2010-07-03,04 千葉県 幕張メッセ イベントホール
85%
THE IDOLM@STER MUSIC FESTIV@L OF WINTER!! 2013-02-10 千葉県 幕張メッセ イベントホール
85%
THE IDOLM@STER 8th ANNIVERSARY HOP!STEP!!FESTIV@L!!! 2013- 09-21,22 千葉県 幕張メッセ イベントホール
85%
THE IDOLM@STER ニューイヤーライブ!!初星宴舞 2018-01-06,07 千葉県 幕張メッセイベントホール
85%
THE IDOLM@STER PRODUCER MEETING 2018 What is TOP!!!!!!!!!!!!!? 2018-08-04,05 千葉県 幕張メッセ イベントホール
85%
THE IDOLM@STER 765PRO ALLSTARS LIVE SUNRICH COLORFUL 2022-07-09,10 千葉県 幕張メッセ イベントホール
85%
THE IDOLM@STER CINDERELLA GIRLS 5thLIVE TOUR Serendipity Parade!!! 2017- 07-08,09 千葉県 幕張メッセ イベントホール
85%
THE IDOLM@STER CINDERELLA GIRLS 10th ANNIVERSARY M@GICAL WONDERLAND TOUR!!! 2021- 11-27,28 千葉県 幕張メッセ イベントホール
85%
THE IDOLM@STER CINDERELLA GIRLS 10th ANNIVERSARY M@GICAL WONDERLAND TOUR!!! 2022- 01-29,30 千葉県 幕張メッセ イベントホール
85%
THE IDOLM@STER MILLION LIVE! 2ndLIVE ENJOY H@RMONY!! 2015-04-04,05 千葉県 幕張メッセ イベントホール
85%
THE IDOLM@STER MILLION LIVE! 3rdLIVE TOUR BELIEVE MY DRE@M!! 2016- 04-16,17 千葉県 幕張メッセイベントホール
85%
THE IDOLM@STER SideM 2nd STAGE〜ORIGIN@L STARS〜 2016-02-11,12 千葉県 幕張メッセイベントホール
85%
THE IDOLM@STER SideM 3rdLIVE TOUR 〜GLORIOUS ST@GE!〜 2018-02-03,04 千葉県 幕張メッセイベントホール
85%
THE IDOLM@STER SideM PRODUCER MEETING 315 SP@RKLING TIME WITH ALL!!! 2019-03-15,16,17 千葉県 幕張メッセイベントホール
85%
315 Production presents F@NTASTIC COMBINATION LIVE 〜HEARTMAKER!!!!〜 2024-04-13,14 千葉県 幕張メッセイベントホール
85%
THE IDOLM@STER SideM 10th ANNIVERSARY MEETING 〜P@SSION UP!!!〜 2025-03-15,16 千葉県 幕張メッセイベントホール
85%
315 Production presents F@NTASTIC COMBINATION LIVE ~CHOCOFFICERANGER!!~ 2025-05-17 千葉県 幕張メッセ イベントホール
85%
315 Production presents F@NTASTIC COMBINATION LIVE ~AtoZto!!~ 2025- 05-18 千葉県 幕張メッセ イベントホール
85%
315 Production presents F@NTASTIC BATTLE FES ~Who goes first~ 2025-10-04,05 千葉県 幕張メッセ イベントホール
85%
THE IDOLM@STER SHINY COLORS 5.5th Anniversary LIVE 星が見上げた空 2023-10-21,22 千葉県 幕張メッセイベントホール
85%
学園アイドルマスター The 2nd Period H.I.F選抜試験 2026-05-16,17 千葉県 幕張メッセ イベントホール
85%
THE IDOLM@STER ORCHESTRA CONCERT 〜SYMPHONY OF FIVE STARS!!!!!〜 2022-11-12,13 千葉県 幕張メッセ イベントホール
85%
THE IDOLM@STER 7th ANNIVERSARY765PRO ALLSTARS みんなといっしょに! 2012-06-23,24 神奈川県 横浜アリーナ
77%
THE IDOLM@STER CINDERELLA GIRLS 5thLIVE TOUR Serendipity Parade!!! 2017- 06-09,10 大阪府 大阪城ホール
77%
THE IDOLM@STER CINDERELLA GIRLS 6thLIVE MERRY-GO-ROUNDOME!!! 2018-11-10,11 埼玉県 メットライフドーム
77%
THE IDOLM@STER CINDERELLA GIRLS 燿城夜祭 -かがやきよまつり- 2023-06-10,11 大阪府 大阪城ホール
77%
THE IDOLM@STER CINDERELLA GIRLS STARLIGHT STAGE 10th ANNIVERSARY TOUR Let’s AMUSEMENT!!! 2025- 03-08,09 大阪府 大阪城ホール
77%
THE IDOLM@STER SideM 7th STAGE 〜GROW & GLOW〜 STARLIGHT SIGN@L 2022- 12-03,04 神奈川県 横浜アリーナ
77%
THE IDOLM@STER SHINY COLORS 6thLIVE TOUR Come and Unite! Brilliant Blooms 2024-03-02,03 大阪府 大阪城ホール
77%
THE IDOLM@STER SHINY COLORS LIVE FUN!! -Beyond the Blue sky- 2024- 07-27,28 神奈川県 横浜アリーナ
77%
学園アイドルマスター The 2nd Period Hatsuboshi IDOL FESTIVAL 2026-06-06,07 神奈川県 横浜アリーナ
77%
THE IDOLM@STER M@STERS OF IDOL WORLD!!2015 2015-07-18,19 埼玉県 西武プリンスドーム
77%
如月千早武道館単独公演「OathONE」 2026-01-24,25 東京都 日本武道館
69%
THE IDOLM@STER MILLION LIVE! 4thLIVE TH@NK YOU for SMILE!! 2017-03-10,11,12 東京都 日本武道館
69%
THE IDOLM@STER MILLION LIVE! 9thLIVE ChoruSp@rkle!! 2023-01-14,15 東京都 日本武道館
69%
THE IDOLM@STER 765 MILLIONSTARS HOTCHPOTCH FESTIV@L!! 2017-10-07,08 東京都 日本武道館
69%
THE IDOLM@STER SHINY COLORS 2nd season LIVE Over the prism 2025-03-01,02 神奈川県 ぴあアリーナMM
69%
283 Production LIVE Performance [liminal;marginal;eternal] 2025- 01-11,12 東京都 立川ステージガーデン
62%
学園アイドルマスター The 1st Period Spotlight Star 2025-05-24,25 東京都 立川ステージガーデン
62%
学園アイドルマスター The 1st Period Harmony Star 2025- 05-31,06-01 東京都 立川ステージガーデン
62%
THE IDOLM@STER CINDERELLA GIRLS 10th ANNIVERSARY M@GICAL WONDERLAND TOUR!!! 2021- 12-25,26 愛知県 愛知県国際展示場ホールA
62%
THE IDOLM@STER CINDERELLA GIRLS Shout out Live!!! 2023-09-09,10 愛知県 愛知県国際展示場ホールA
62%
THE IDOLM@STER SideM 7th STAGE 〜GROW & GLOW〜 STARLIGHT SIGN@L 2022-10-01,02 愛知県 愛知県国際展示場ホールA
62%
THE IDOLM@STER SHINY COLORS 7th UNITLIVE TOUR 円環 -Halo around- third quadrant 2025-08-09,10 愛知県 愛知県国際展示場 ホールA
62%
THE IDOLM@STER CINDERELLA GIRLS Twinkle LIVE Constellation Gradation 2022-11-26,27 埼玉県 ベルーナドーム
54%
THE IDOLM@STER MILLION LIVE! 1stLIVE HAPPY☆PERFORM@NCE!! 2014-06-07,08 東京都 中野サンプラザ
54%
THE IDOLM@STER MILLION LIVE! EXTRA LIVE MEG@TON VOICE!! 2017-09-17 東京都 中野サンプラザ
54%
THE IDOLM@STER SideM Five-St@r Party!! 2018-05-20 神奈川県 パシフィコ横浜
54%
Go to the NEW STAGE!THE IDOLM@STER 3rd ANNIVERSARY LIVE 2008-07-27 神奈川県 パシフィコ横浜国立大ホール
54%
THE IDOLM@STER 2 765pro H@PPINESS NEW YE@R P@RTY!!2011 2011-01-10 神奈川県 パシフィコ横浜国立大ホール
54%
THE IDOLM@STER 8th ANNIVERSARY HOP!STEP!!FESTIV@L!!! 2013- 08-04 神奈川県 パシフィコ横浜国立大ホール
54%
THE IDOLM@STER CINDERELLA GIRLS 2ndLIVE PARTY M@GIC!! 2014-11-30 東京都 国立代々木競技場 第一体育館
54%
THE IDOLM@STER SideM 6thLIVE TOUR 〜NEXT DESTIN@TION!〜 2022- 01-08,09 東京都 国立代々木競技場第一体育館
54%
アソビストア presents THE IDOLM@STER SHINY COLORS SUMMER PARTY 2019 2019-08-18 神奈川県 パシフィコ横浜国立大ホール
54%
THE IDOLM@STER SHINY COLORS 5thLIVE If I_wings. 2023-03-18,19 東京都 国立代々木競技場第一体育館
54%
学園アイドルマスター クラス対抗初星大運動会 2025-09-20,21 東京都 国立代々木競技場第一体育館
54%
THE IDOLM@STER 20th anniversary ORCHESTRA CONCERT SYMPHONY OF BRILLIANT STARS 2025-07-21 神奈川県 パシフィコ横浜国立大ホール
54%
THE IDOLM@STER CINDERELLA GIRLS 1stLIVE WONDERFUL M@GIC!! 2014-04-05,06 千葉県 舞浜アンフィシアター
46%
THE IDOLM@STER CINDERELLA GIRLS SUMMER FESTIV@L 2015 2015-08-02 千葉県 舞浜アンフィシアター
46%
アイドルマスター シンデレラガールズ 6th Anniversary Memorial Party 2017-11-19 千葉県 舞浜アンフィシアター
46%
アイドルマスター シンデレラガールズ劇場 すぷりんぐふぇすてぃばる 2018 2018-03-03,04 千葉県 舞浜アンフィシアター
46%
THE IDOLM@STER CINDERELLA GIRLS
STARLIGHT STAGE 10th ANNIVERSARY TOUR
Let’s AMUSEMENT!!!
2025- 06-28,29 福岡県 マリンメッセ福岡
46%
THE IDOLM@STER MILLION LIVE! 6thLIVE TOUR UNI-ON@IR!!!! 2019- 06-28,29 福岡県 マリンメッセ福岡
46%
ミリシタ感謝祭2019〜2020 2020-01-19 千葉県 舞浜アンフィシアター
46%
THE IDOLM@STER SideM 1st STAGE〜ST@RTING!〜 2015-12-06 千葉県 舞浜アンフィシアター
46%
THE IDOLM@STER SHINY COLORS 1stLIVE FLY TO THE SHINY SKY 2019-03-09,10 千葉県 舞浜アンフィシアター
46%
THE IDOLM@STER CINDERELLA GIRLS 5th Anniversary Party ニコ生SP 2016-11-19 千葉県 森のホール21 大ホール
46%
283プロダクション プロデューサー感謝祭 〜1.5 Anniversary Festival!!〜 2019-10-27 千葉県 森のホール21 大ホール
46%
高槻やよい・水瀬伊織 twin live “いつまでもなかよし!” 2025-10-18,19 千葉県 森のホール21 大ホール
46%
THE IDOLM@STER MILLION LIVE! 7thLIVE Q@MP FLYER!!! Reburn 2021-05-22,23 山梨県 富士急ハイランド コニファーフォレスト
46%
THE IDOLM@STER MILLION LIVE! 8thLIVE Twelw@ve 2022-02-12,13 東京都 武蔵野の森総合スポーツプラザ
46%
THE IDOLM@STER SideM PRODUCER MEETING WELCOME TO PLEASURE 315 G@RDEN!!! 2021-03-13,14 東京都 武蔵野の森総合スポーツプラザ
46%
THE IDOLM@STER SideM PRODUCER MEETING 315 BE@T OF PASSION FESTIVAL!!! 2022-03-12,13 東京都 武蔵野の森総合スポーツプラザ
46%
283PRODUCTION UNIT LIVE MUGEN BEAT 2022-10-22,23 東京都 武蔵野の森総合スポーツプラザ
46%
283PRODUCTION SOLO PERFORMANCE LIVE「我儘なまま」 2023-07-22,23 東京都 武蔵野の森総合スポーツプラザ
46%
THE IDOLM@STER SHINY COLORS 6.5th Anniversary LIVE “Chapter 283” 2024- 10-05,06 東京都 武蔵野の森総合スポーツプラザ
46%
THE IDOLM@STER MILLION LIVE! 12thLIVEDAY1 ありのままに。 2025- 10-11 東京都 京王アリーナTOKYO
46%
THE IDOLM@STER MILLION LIVE! 12thLIVE DAY2 Let's Sing! 2025- 10-12 東京都 京王アリーナTOKYO
46%
学園アイドルマスター 初星音楽祭 2026-02-28,03-01 東京都 京王アリーナTOKYO
46%
THE IDOLM@STER 8th ANNIVERSARY HOP!STEP!!FESTIV@L!!! 2013- 07-20,21 大阪府 オリックス劇場
38%
THE IDOLM@STER 9th ANNIVERSARY WE ARE M@STERPIECE!! 2014- 08-16,17 愛知県 日本ガイシホール
38%
THE IDOLM@STER CINDERELLA GIRLS 5thLIVE TOUR Serendipity Parade!!! 2017- 07-29,30 福岡県 西日本総合展示場 新館
38%
THE IDOLM@STER CINDERELLA GIRLS 10th ANNIVERSARY M@GICAL WONDERLAND TOUR!!! 2021-10-02,03 福岡県 西日本総合展示場 新館
38%
THE IDOLM@STER CINDERELLA GIRLS LIKE4LIVE #cg_ootd 2022-09-03,04 愛知県 日本ガイシホール
38%
THE IDOLM@STER CINDERELLA GIRLS STARLIGHT STAGE 10th ANNIVERSARY TOUR Let’s AMUSEMENT!!! 2025- 06-07,08 沖縄県 沖縄アリーナ
38%
THE IDOLM@STER MILLION LIVE! 3rdLIVE TOUR BELIEVE MY DRE@M!! 2016- 03-12,13 大阪府 オリックス劇場
38%
THE IDOLM@STER MILLION LIVE! 10thLIVE TOUR Act-3 R@ISE THE DREAM!!! 2023- 11-04,05 福岡県 西日本総合展示場 新館
38%
THE IDOLM@STER MILLION LIVE! 11thLIVEDAY1 Atelier ROCOMOTION!! 2026- 03-14 福岡県 北九州メッセ
38%
THE IDOLM@STER MILLION LIVE! 11thLIVE DAY2 百合咲き誇るレムリア 2026- 03-15 福岡県 北九州メッセ
38%
THE IDOLM@STER SideM GREETING TOUR 2017 〜BEYOND THE DREAM〜 2017- 04-16 大阪府 オリックス劇場
38%
THE IDOLM@STER SideM 3rdLIVE TOUR 〜GLORIOUS ST@GE!〜 2018- 03-25 福岡県 西日本総合展示場 新館
38%
THE IDOLM@STER SideM 10th ANNIVERSARY MEETING 〜P@SSION SUNDAE!!!〜 2025-02-08,09 大阪府 オリックス劇場
38%
315 Production presents F@NTASTIC BATTLE FES ~Who goes first~ 2025- 11-15,16 大阪府 オリックス劇場
38%
THE IDOLM@STER SHINY COLORS 3rdLIVE TOUR PIECE ON PLANET 2021-04-03,04 愛知県 日本ガイシホール
38%
THE IDOLM@STER SHINY COLORS 3rdLIVE TOUR PIECE ON PLANET 2021-05-29,30 福岡県 西日本総合展示場 新館
38%
283 Production LIVE Performance Uka, 2025-05-10,11 大阪府 オリックス劇場
38%
THE IDOLM@STER SHINY COLORS 7th UNITLIVE TOUR 円環 -Halo around- fourth quadrant 2025-09-27,28 青森県 盛運輸アリーナ
38%
315 Production presents F@NTASTIC COMBINATION LIVE 〜PINATATIME!!〜 2024-12-01 神奈川県 横浜BUNTAI
38%
THE IDOLM@STER SHINY COLORS 7th UNITLIVE TOUR 円環 -Halo around- second quadrant 2025-07-05,06 神奈川県 横浜BUNTAI
38%
THE IDOLM@STER MILLION LIVE! 10thLIVE TOUR Act-2 5 TO SP@RKLE!! 2023- 07-29,30 愛知県 ポートメッセなごや第1展示場
38%
THE IDOLM@STER CINDERELLA GIRLS 5thLIVE TOUR Serendipity Parade!!! 2017-05-13,14 宮城県 セキスイハイムスーパーアリーナ
38%
THE IDOLM@STER 6th ANNIVERSARY SMILE SUMMER FESTIV@L! 2011- 07-09 愛知県 Zepp Nagoya
38%
THE IDOLM@STER 8th ANNIVERSARY HOP!STEP!!FESTIV@L!!! 2013-07-07 愛知県 Zepp Nagoya
38%
THE IDOLM@STER 6th ANNIVERSARY SMILE SUMMER FESTIV@L! 2011- 07-23 大阪府 Zepp Osaka
38%
961 PRODUCTION presents 『Re:FLAME』 2024-08-24,25 京都府 ロームシアター京都
31%
THE IDOLM@STER CINDERELLA GIRLS 4thLIVE TriCastle Story 2016-09-03,04 兵庫県 神戸ワールド記念ホール
31%
THE IDOLM@STER CINDERELLA GIRLS 5thLIVE TOUR Serendipity Parade!!! 2017- 06-24,25 静岡県 エコパアリーナ
31%
THE IDOLM@STER CINDERELLA GIRLS UNIT LIVE TOUR ConnecTrip! 2024- 06-16 石川県 本多の森北電ホール
31%
THE IDOLM@STER MILLION LIVE! 6thLIVE TOUR UNI-ON@IR!!!! 2019- 05-18,19 兵庫県 神戸ワールド記念ホール
31%
THE IDOLM@STER SideM GREETING TOUR 2017 〜BEYOND THE DREAM〜 2017- 06-17 石川県 本多の森北電ホール
31%
THE IDOLM@STER SideM 3rdLIVE TOUR 〜GLORIOUS ST@GE!〜 2018- 04-28,29 静岡県 エコパアリーナ
31%
THE IDOLM@STER SideM 6thLIVE TOUR 〜NEXT DESTIN@TION!〜 2021-11-06,07 兵庫県 神戸ワールド記念ホール
31%
学園アイドルマスター DEBUT LIVE 初 TOUR -初声公演- 2024-08-10 愛知県 名古屋CLUB QUATTRO
31%
学園アイドルマスター DEBUT LIVE 初 TOUR -初声公演- 2024- 08-18 大阪府 梅田CLUB QUATTRO
31%
学園アイドルマスター DEBUT LIVE 初 TOUR -初声公演- 2024- 08-25 東京都 渋谷CLUB QUATTRO
31%
学園アイドルマスター DEBUT LIVE 初 TOUR -初心公演- 2024- 09-07 愛知県 名古屋CLUB QUATTRO
31%
学園アイドルマスター DEBUT LIVE 初 TOUR -初心公演- 2024- 09-23 広島県 広島CLUB QUATTRO
31%
学園アイドルマスター DEBUT LIVE 初 TOUR -初恋公演- 2024-10-14 大阪府 梅田CLUB QUATTRO
31%
学園アイドルマスター DEBUT LIVE 初 TOUR -初恋公演- 2024- 10-19 広島県 広島CLUB QUATTRO
31%
学園アイドルマスター DEBUT LIVE 初 TOUR -初恋公演- 2024- 10-27 東京都 渋谷CLUB QUATTRO
31%
学園アイドルマスター DEBUT LIVE 初 TOUR -初心公演- 2024- 12-01 大阪府 梅田CLUB QUATTRO
31%
学園アイドルマスター DEBUT LIVE 初 TOUR -初陣公演- 2025-02-08 愛知県 名古屋CLUB QUATTRO
31%
学園アイドルマスター DEBUT LIVE 初 TOUR -初陣公演- 2025- 02-11 大阪府 梅田CLUB QUATTRO
31%
学園アイドルマスター DEBUT LIVE 初 TOUR -初陣公演- 2025- 02-16 東京都 渋谷CLUB QUATTRO
31%
THE IDOLM@STER MILLION LIVE! 3rdLIVE TOUR BELIEVE MY DRE@M!! 2016-01-31 愛知県 名古屋国際会議場センチュリーホール
31%
THE IDOLM@STER SideM GREETING TOUR 2017 〜BEYOND THE DREAM〜 2017- 05-06,07 愛知県 名古屋国際会議場 センチュリーホール
31%
THE IDOLM@STER CINDERELLA GIRLS UNIT LIVE TOUR ConnecTrip! 2024- 06-01 東京都 Zepp DiverCity Tokyo
31%
PROJECT IM@S vα-liv 1stLIVE -HERE WE ARE !!!- 2025-03-22 東京都 Zepp DiverCity TOKYO
31%
THE IDOLM@STER 6th ANNIVERSARY SMILE SUMMER FESTIV@L! 2011- 07-16 福岡県 Zepp Fukuoka
31%
THE IDOLM@STER 8th ANNIVERSARY HOP!STEP!!FESTIV@L!!! 2013- 09-15 福岡県 Zepp Fukuoka
31%
THE IDOLM@STER CINDERELLA GIRLS UNIT LIVE TOUR ConnecTrip! 2024- 05-19 福岡県 Zepp Fukuoka
31%
THE IDOLM@STER ALL STAR LIVE 2007 2007-04-01 東京都 Zepp TOKYO
31%
菊地真・萩原雪歩 twin live “はんげつであえたら” 2024-03-16,17 群馬県 ベイシア文化ホール
23%
961 PRODUCTION presents 『Re:FLAME』追加公演 2025-02-01 大阪府 フェニーチェ堺
23%
THE IDOLM@STER MILLION LIVE! 3rdLIVE TOUR BELIEVE MY DRE@M!! 2016- 02-07 宮城県 ゼビオアリーナ仙台
23%
THE IDOLM@STER MILLION LIVE! 6thLIVE TOUR UNI-ON@IR!!!! 2019-04-27,28 宮城県 ゼビオアリーナ仙台
23%
THE IDOLM@STER SideM 3rdLIVE TOUR 〜GLORIOUS ST@GE!〜 2018- 02-24,25 宮城県 ゼビオアリーナ仙台
23%
THE IDOLM@STER SHINY COLORS 3rdLIVE TOUR PIECE ON PLANET 2021-04-24 東京都 東京ガーデンシアター
23%
THE IDOLM@STER SHINY COLORS Xmas Party -Silent night- 2021-12-18,19 東京都 両国国技館
23%
283PRODUCTION UNIT LIVE SETSUNA BEAT 2022-08-13,14 東京都 東京ガーデンシアター
23%
THE IDOLM@STER SideM GREETING TOUR 2017 〜BEYOND THE DREAM〜 2017- 06-04 東京都 豊洲PIT
23%
THE IDOLM@STER CINDERELLA GIRLS UNIT LIVE TOUR ConnecTrip! 2024- 04-06 大阪府 Zepp Osaka Bayside
23%
THE IDOLM@STER 9th ANNIVERSARY WE ARE M@STERPIECE!! 2014-08-02.03 大阪府 インテックス大阪
15%
THE IDOLM@STER 9th ANNIVERSARY WE ARE M@STERPIECE!! 2014- 10-04,05 東京都 東京体育館
15%
THE IDOLM@STER PRODUCER MEETING 2017 765PRO ALLSTARS -Fun to the new vision!!- 2017-01-28,29 東京都 東京体育館
15%
THE IDOLM@STER CINDERELLA GIRLS SUMMER FESTIV@L 2015 2015- 08-23 大阪府 グランキューブ大阪
15%
THE IDOLM@STER CINDERELLA GIRLS SS3A Live Sound Booth♪ 2018-09-08,09 群馬県 ヤマダグリーンドーム前橋
15%
ミリシタ感謝祭 2018-10-21 神奈川県 横須賀芸術劇場
15%
315 Production presents F@NTASTIC COMBINATION LIVE 〜BRAINPOWER!!〜 2023- 07-09 神奈川県 神奈川県民ホール
15%
THE IDOLM@STER SideM 10th ANNIVERSARY MEETING 〜P@SSION BANG!!!〜 2024-11-03 愛媛県 松山市民会館
15%
THE IDOLM@STER SideM 10th ANNIVERSARY MEETING 〜P@SSION SPARKS!!!〜 2024-12-22 熊本県 熊本城ホール
15%
THE IDOLM@STER SHINY COLORS 7th UNITLIVE TOUR 円環 -Halo around- first quadrant 2025-06-21,22 福岡県 福岡国際センター
15%
THE IDOLM@STER 20th Anniversary 876 PRODUCTION FES. 2026-02-21,22,23 東京都 日本工学院アリーナ
15%
THE IDOLM@STER CINDERELLA GIRLS 5thLIVE TOUR Serendipity Parade!!! 2017- 05-27,28 石川県 石川県産業展示館4号館
15%
THE IDOLM@STER CINDERELLA GIRLS UNIT LIVE TOUR ConnecTrip! 2024-03-10 岩手県 トーサイクラシックホール岩手
15%
THE IDOLM@STER MILLION LIVE! 3rdLIVE TOUR BELIEVE MY DRE@M!! 2016- 04-03 福岡県 アルモニーサンク 北九州ソレイユホール
15%
学園アイドルマスター DEBUT LIVE 初 TOUR -初陣公演- 2025- 07-04 東京都 新宿ReNY
15%
THE IDOLM@STER 6th ANNIVERSARYSMILE SUMMER FESTIV@L! 2011-06-25 東京都 TOKYO DOME CITY HALL
15%
THE IDOLM@STER 6th ANNIVERSARY SMILE SUMMER FESTIV@L! 2011-07-02 北海道 Zepp Sapporo
15%
THE IDOLM@STER SideM GREETING TOUR 2017 〜BEYOND THE DREAM〜 2017- 06-11 北海道 Zepp Sapporo
15%
THE IDOLM@STER CINDERELLA GIRLS Initial Mess@ge 2018-04-07,08 海外 台北国際会議中心
8%
THE IDOLM@STER CINDERELLA GIRLS UNIT LIVE TOUR ConnecTrip! 2024-02-03 山形県 やまぎん県民ホール
8%
ミリシタ感謝祭 2021〜2022 2021-12-12 栃木県 栃木県総合文化センター
8%
THE IDOLM@STER 765 MILLIONSTARS First Time in TAIWAN 2017-04-22,23 海外 台北国際会議中心
8%
THE IDOLM@STER SideM 6thLIVE TOUR 〜NEXT DESTIN@TION!〜 2022-04-16,17 北海道 真駒内セキスイハイムアイスアリーナ
8%
THE IDOLM@STER 4th ANNIVERSARY PARTY SPECIAL DREAM TOUR'S!! 2009-07-23 大阪府 なんばhatch
8%
THE IDOLM@STER 1st ANNIVERSARY LIVE 2006-07-23 東京都 STUDIO COAST
8%
THE IDOLM@STER 2009 H@ppy Christm@s P@rty!! 2009-12-23 東京都 STUDIO COAST
8%
THE IDOLM@STER CINDERELLA GIRLS MEMORIAL PARADE 2016-07-30 東京都 STUDIO COAST
8%
アイドルマスター シンデレラガールズ プロデューサーさん感謝祭 2019-06-16 東京都 STUDIO COAST
8%
Go to the NEXTSTAGE!!THE IDOLM@STER GREAT PARTY 2007-11-03 大阪府 BIG CAT
0%
THE IDOLM@STER SideM GREETING TOUR 2017 〜BEYOND THE DREAM〜 2017- 04-02 広島県 BLUE LIVE HIROSHIMA
0%
THE IDOLM@STER 4th ANNIVERSARY PARTY SPECIAL DREAM TOUR'S!! 2009-05-17 愛知県 CLUB DIAMOND HALL
0%
THE IDOLM@STER MR ST@GE!!MUSIC♪GROOVE☆ 2018-04,05,09,10 神奈川県 DMM VR THEATER
0%
THE IDOLM@STER MR ST@GE!!MUSIC♪GROOVE☆ ENCORE 2020-02-22,23,24 神奈川県 DMM VR THEATER
0%
THE IDOLM@STER 4th ANNIVERSARY PARTY SPECIAL DREAM TOUR'S!! 2009-05-24 福岡県 DRUM LOGOS
0%
PROJECT IM@S vα-liv PRODUCER MEETING 2024 -FROM NOW ON!!!- 2024-09-28 東京都 GARDEN 新木場 FACTORY
0%
THE IDOLM@STER 4th ANNIVERSARY PARTY SPECIAL DREAM TOUR'S!! 2009-05-30 東京都 JCBホール
0%
アイドルマスター ミリオンライブ! ローソンスペシャルパーティー 2013-08-11 東京都 LIVE GATE TOKYO
0%
Go to the NEXTSTAGE!!THE IDOLM@STER GREAT PARTY 2007-10-28 東京都 Shibuya O-EAST
0%
Go to the NEXTSTAGE!!THE IDOLM@STER GREAT PARTY 2007-11-04 東京都 Shibuya O-EAST
0%
THE IDOLM@STER WINTER C@RNIVAL! 2012-01-15 東京都 Shibuya O-EAST
0%
No matching quizzes found
Score Distribution
Percent of People with Each Score
Percentile by Number Answered
Your Score History
You have not taken this quiz